[Event "Turnier 40 / 120"]
[Site "Wien"]
[Date "2023.09.15"]
[Round "34"]
[White "Mephisto Lyon 68020"]
[Black "Novag Star Diamond"]
[Result "1-0"]
[WhiteElo "2172"]
[BlackElo "2161"]
[Annotator "Christian"]
[PlyCount "107"]
[EventDate "2023.??.??"]

{[%evp 0,107,19,38,40,6,19,21,18,9,16,-7,0,-10,-12,-17,-4,-5,-5,10,9,-3,3,-10,3,5,4,-12,3,4,76,51,66,-26,86,86,84,105,138,141,133,133,195,145,178,149,161,161,173,188,184,191,195,211,223,171,157,179,243,249,229,244,252,250,264,265,280,275,274,273,270,238,269,275,234,215,272,231,232,236,275,264,279,274,312,283,291,289,289,272,272,282,289,285,281,280,323,287,285,285,353,265,328,320,315,318,315,352,372,389]} 1. e4 c5 {Runde 34: Sizilianisch, Alapin / Daran gibt es nichts zu beschönigen, diese Partie wird von Star Diamond abgeschenkt, mehr braucht man dazu nicht zu sagen. Die Aufholjagd von Lyon 68020 geht weiter, er baut die Führung in dieser Staffel aus und liegt nur noch 2 Punkte zurück, also ich würde sagen spätestens jetzt haben wir wieder ein Match wo noch alles drinnen ist. Von der anfänglichen Überlegenheit von Star Diamond ist nicht mehr viel zu sehen, ich hatte Lyon 68020 wohl zu früh abgeschrieben, aber eigentlich ist es gar keine Überraschung, denn dass Star Diamond fast 2/3 macht wie anfangs war ja nicht anzunehmen bei 2 praktisch gleich starken Geräten, es nähert sich den Erwartungen. / Stand: 18,0 : 16,0 ---> für Novag Star Diamond (52,94 %)} 2. c3 Nf6 3. e5 Nd5 4. d4 cxd4 5. Qxd4 e6 6. Nf3 Nc6 7. Qe4 d6 8. Nbd2 dxe5 9. Nxe5 Nxe5 10. Qxe5 Qd6 11. Bb5+ Bd7 12. Bxd7+ Qxd7 {***BUCHENDE***} 13. Nf3 {***BUCHENDE***} O-O-O {Buchbewertung Novag Star Diamond: +0,19} 14. O-O {Buchbewertung Mephisto Lyon 68020: +0,39 / lt. Stockfish ist die Stellung exakt ausgeglichen, 0,00} Bd6 {weniger gut, der Bauer g7 kann genommen werden mit Vorteil für Weiss, Stockfsih -0,60, besser ist f6 mit Ausgleich} 15. Qxg7 Qc7 $2 {ein ganz schlechter Zug, der eine ganze Bauerneinheit einbüsst, Stockfish -1,70, deutlich besser ist Thg8} ({Stockfish dev-20230903-b25d68f6:} 15... Rhg8 16. Qd4 h5 17. g3 Rg4 18. Qd3 Rdg8 19. Rd1 Qc7 20. Bg5 R4xg5 21. Nxg5 Rxg5 22. c4 h4 23. cxd5 hxg3 24. dxe6 fxe6 25. fxg3 Bxg3 26. Qe4 Kb8 27. Qxe6 Bd6+ 28. Kf1 Be7 29. Rd2 a6 30. Rg2 Qf4+ 31. Rf2 {[%eval 81,30] [%wdl 300,700,0]}) 16. Ng5 $4 {ein grottenschlechter Zug, der sogar die Vorzeichen schon umkehrt, danach ist Schwarz bereits im Vorteil, Stockfish -1,20, die falsche Figur, der Läufer gehört nach g5 (büsst ca. 3 ganze Bauerneinheiten ein)} Rhf8 $4 {ebenso grottenschlecht und kehrt sofort wieder die Vorzeichen um, danach ist Weiss wieder klar im Vorteil, Stockfish -1,40, Vorteil hätte Lxh2 gebracht} 17. Qh6 $2 {deutlich schwächer als g3, Stockfish +0,80} Qc4 $2 {[%mdl 2] ein Verlustzug, Stockfish -2,20, nötig war Tg8} 18. Re1 Qg4 $2 {bringt überhaupt nichts wird doch sofort vertrieben, besser ist noch Dc6, Stockfish -2,80} 19. h3 {na klar was sonst, Star Diamond hätte Dxh7 erwartet, das wäre ganz schlecht, danach wäre Weiss nur noch mit ca. +1,00 im Vorteil} Qc4 20. Qxh7 {na klar warum nicht ein 2. Mehrbauer, richtig, Stockfish +3,00} Bb8 21. Nf3 Nf6 22. Qh4 $1 {sehr gut, erzwingt den Damentausch und hat einfach 2 Mehrbauern, den Rest braucht man hier nicht mehr zu kommentieren, hier ist alles erledigt es sei denn Lyon 68020 macht noch einen Megabock, aber das ist nicht anzunehmen, eigentlich eine ganz simple Stellung ohne Komplikationen, hier braucht man nur noch den Stiefel runterzuspielen} Qxh4 23. Nxh4 Nd7 24. Bg5 f6 25. Be3 Rf7 26. Rad1 Rg7 27. Kf1 Rh8 28. Nf3 Rhg8 29. g3 Rh7 30. h4 Rh5 31. Rd2 Rd8 32. Red1 e5 33. Rd5 Rh7 34. Nd2 f5 35. Nf3 Rg7 36. Ng5 Re8 37. Kg2 f4 38. Bc5 fxg3 39. fxg3 e4 40. Be3 Rge7 41. Rf5 Ne5 42. Bc5 Nc4 43. b3 b6 44. bxc4 bxc5 45. Rxc5+ Bc7 46. Rd2 e3 47. Re2 Rd7 48. Rd5 Bb6 49. a4 a6 50. Nf3 Rc7 51. a5 Ba7 52. Ne5 Rh8 53. Kh3 Rf8 54. g4 {Rest geschenkt} 1-0

[Event "Turnier 40 / 120"]
[Site "Wien"]
[Date "2023.09.16"]
[Round "35"]
[White "Novag Star Diamond"]
[Black "Mephisto Lyon 68020"]
[Result "1/2-1/2"]
[WhiteElo "2161"]
[BlackElo "2172"]
[Annotator "Christian"]
[PlyCount "122"]
[EventDate "2023.??.??"]

{[%evp 0,122,19,-16,-14,-19,-2,4,-2,-85,-55,-51,-4,-63,-47,-56,-71,-72,-74,-123,-123,-123,-70,-87,-70,-75,-85,-85,-78,-67,-67,-81,-67,-66,-67,-66,-37,-47,-57,-58,-51,-56,-23,-63,-49,-49,-34,-20,-6,-14,-36,-46,-27,-9,-6,-50,-55,-52,-39,-45,-45,-69,-56,-45,-38,-38,-47,-48,30,23,21,15,14,14,14,12,10,15,14,14,12,-8,-33,-39,-26,-32,-32,-27,-27,-76,-65,-124,-97,-93,-93,-1,0,0,0,0,4,0,0,7,9,0,0,0,0,0,0,0,0,0,0,0,0,0,0,0,0,0,0,0,0]} {Runde 35: Durkin Angriff / Eine Partie mit kuriosem Start, das habe ich eigentlich überhaupt noch niemals gesehen, hier wird in Gesamtsumme 1 Buchzug gespielt. Star Diamond wählt als Eröffnung den Durkin Angriff 1. Sa3, Lyon 68020 kennt das überhaupt nicht und muss ohne Buch auskommen, seine Antwort 1. Sc6 kennt dann Star Diamond nicht und fliegt ebenfalls nach einem Zug schon aus dem Buch, beide Geräte sind sofort auf sich allein gestellt. Star Diamond behandelt das ganz schlecht und wagt sich mit der Dame frühzeitig ins Spiel was eigentlich niemals eine gute Idee ist, nach den beiden ganz schlechten Zügen 8. e4 ?? und 10. exd5 ?? ist die Partie bereits verloren lt. Stockfish mit -4,00, Lyon 68020 kann jedoch diese klare Gewinnstellung nicht nützen und verzichtet 3x in Folge auf den nötigen Zug Te8 und ermöglicht schliesslich seinem Gegner den Damentausch, danach ist sein Entwicklungsvorsprung praktisch nichts mehr Wert und es geht retour in die Startlöcher bei etwa gleicher Stellung. Nach dem Damentausch verläuft die Partie in ruhigen Bahnen und es passiert bis zum Ende nichts Entscheidendes mehr, es endet Remis, hier verpasst Lyon 68020 die Chance bis auf einen Punkt heran zu kommen, da war der Sieg möglich. / Stand: 18,5 : 16,5 ---> für Novag Star Diamond (52,86 %)} 1. Na3 {Eröffnung: Durkin-Angriff kennt Lyon 68020 überhaupt nicht, Lyon 68020 NULL Buchzüge !!! / Novag Star Diamond: Buchende, kennt auch die Antwort von Lyon 68020 nicht, ich weiss gar nicht ob es diese gibt in der Theorie, ein Start den ich noch niemals gesehen habe: 1 Buchzug !!! in Summe} Nc6 {Buchbewertung Lyon 68020: +0,33 (wenn man es überhaupt so nennen kann, es gab ja kein Buch, LOL)} 2. d4 {Buchbewertung Novag Star Diamond: -0,03 / lt. Stockfish steht Schwarz eine Nuance besser mit ca. +0,20} e5 3. d5 Bxa3 4. dxc6 Bb4+ 5. c3 Be7 6. Qd5 $2 {so früh die Dame ins Spiel zu bringen hat sich noch niemals ausgezahlt, nicht empfehlenswert, Stockfish -0,50, besser ist natürlich normale Figurenentwicklung mit Sf3} (6. cxd7+ Qxd7 7. Qxd7+ Bxd7 8. e4 $11) 6... bxc6 7. Qxe5 Nf6 8. e4 $2 {und hier sehen wir bereits das Problem mit der Dame, diese hätte noch einen Tempoverlust in Kauf nehmen sollen und den Angriffen vorzeitig ausweichen müssen, mittels Da5, der Textzug ist bereits ein Verlustzug !!!, Stockfish -2,20, aber gut dieser Kommentar gilt natürlich wieder mal nur für Stockfish 16, für Lyon 68020 ist es damit natürlich noch lange nicht erledigt, mal abwarten, da kann natürlich noch vieles passieren.} O-O $1 {der richtige Zug, aber Lyon 68020 sieht natürlich noch keinen klaren Gewinn wie zu erwarten war, Bewertung: +0,24} 9. Bd3 {Und Star Diamond sieht sich gar im Vorteil: +0,30 ?} d5 $1 10. exd5 $2 {nochmals ganz schlecht, deutlich mehr Widerstand leistet noch Se2, Stockfish -3,80} Bd6 $4 {ein ganz schlechter Zug, der mehr als 2 ganze Bauerneinheiten einbüsst, Stockfish +1,50, sofort gewonnen hätte Lc5} 11. Qg5 $2 {ebenfalls schwach, deutlich besser ist Dd4, Stockfish -2,20} h6 $2 {auch nicht optimal, vorzuziehen ist Te8+, Stockfish +1,50} 12. Qh4 cxd5 $2 {wieder wird das klar stärkere Te8+ verschmäht, der Textzug halbiert in etwa den Vorteil von Schwarz, Stockfish +0,80} 13. Ne2 Ng4 $2 {und zum 3x in Folge !! wird das immer noch klar stärkere Te8 verschmäht, das ist natürlich ganz schwach, ermöglicht Weiss den Damentausch, damit ist natürlich der schwarze Entwicklungsvorsprung praktisch nichts mehr wert und es geht zurück in die Startlöcher, die Stellung nähert sich dem Ausgleich, Stockfish +0,30} 14. Qxd8 Rxd8 15. Bf4 Bxf4 16. Nxf4 Rb8 17. b3 g5 18. Ne2 Re8 19. O-O Ne5 20. Nc1 a5 21. Rd1 c6 22. Bc2 Kg7 23. Nd3 Ng4 24. Re1 Bf5 25. Rac1 Rbc8 26. h3 Nf6 27. Bb1 Rxe1+ 28. Rxe1 Re8 29. Rxe8 Nxe8 30. g4 Bg6 31. b4 a4 32. Kf1 Nd6 33. Ke1 Ne4 34. Ne5 Nxc3 35. Bxg6 fxg6 36. Nxc6 {die Stellung ist Remis, Stockfish 0,00} Kf7 37. Kd2 Ne4+ 38. Ke3 Ke6 39. Nd4+ Ke5 40. b5 Nc3 41. a3 Kd6 42. b6 Nd1+ 43. Ke2 Nb2 44. f4 gxf4 45. Ne6 f3+ 46. Kxf3 Kc6 47. Nf4 Nc4 48. b7 Kxb7 49. Nxd5 Ka6 50. Nc3 Ka5 51. Nb1 Kb6 52. Ke4 Kc5 53. h4 h5 54. Nc3 hxg4 55. Nxa4+ Kd6 56. Kf4 Nxa3 57. Kxg4 Nc2 58. Kg5 Ne1 59. Kxg6 Ng2 60. h5 Nf4+ 61. Kg5 Nxh5 {Zu wenig Material} 1/2-1/2

[Event "Turnier 40 / 120"]
[Site "Wien"]
[Date "2023.09.17"]
[Round "36"]
[White "Mephisto Lyon 68020"]
[Black "Novag Star Diamond"]
[Result "1/2-1/2"]
[WhiteElo "2172"]
[BlackElo "2161"]
[Annotator "Christian"]
[PlyCount "114"]
[EventDate "2023.??.??"]

{[%evp 0,45,26,0,18,13,14,-4,-3,-3,-1,11,43,27,27,28,21,23,19,31,37,27,22,22,32,8,22,15,42,46,66,52,57,53,61,56,90,73,66,86,91,83,87,85,92,76,98,99]} 1. c4 c5 {Runde 36: Englisch, Symmetrisch / Eine Partie mit klaren Vorteilen im Mittelspiel für Lyon 68020, der es aber immer wieder verabsäumt, den Vorteil entsprechend auszubauen, wie in der Vorrunde kann er auch hier wieder eine klar vorteilhafte Stellung nicht nützen und muss sich wieder mit dem mageren Remis begnügen, auch hier war wieder mehr drinnen für Lyon 68020. / Stand: 19,0 : 17,0 ---> für Novag Star Diamond (52,78 %)} 2. Nc3 Nc6 3. g3 g6 4. Bg2 Bg7 5. Nf3 e5 6. O-O Nge7 7. d3 O-O 8. a3 d6 9. Rb1 a5 10. Bd2 {Buchende} Rb8 {Buchende} 11. Qc1 {Buchbewertung Mephisto Lyon 68020: +0,45} Bg4 {Buchbewertung Novag Star Diamond: -0,03 / lt. Stockfish steht Weiss knapp besser mit ca. +0,30} 12. Bh6 Bxh6 13. Qxh6 Nf5 14. Qd2 Bxf3 15. Bxf3 Ncd4 $2 {ein schwacher Zug, danach steht Weiss besser, Stockfish -1,00, deutlich besser ist Kg7} ({Stockfish dev-20230903-b25d68f6:} 15... Kg7 16. Bg2 h5 17. Rfd1 Rh8 18. h3 Nfd4 19. e3 Ne6 20. Kh2 f5 21. Rg1 Qd7 22. Rbf1 Nc7 23. f4 Rbf8 24. Rf2 Ne8 25. Nd5 Nc7 26. b4 cxb4 27. axb4 {[%eval 55,30] [%wdl 93,907,0]}) 16. Be4 Ne7 17. e3 {besser ist b4, Stockfish +0,70} Ndf5 $2 {ein ganz schlechter Zug, was bitte soll der Springer dort für eine Funktion haben ?, völlig unbegreiflich, natürlich ist Sdc6 zu spielen, um den Vortstoss b4 zu verhindern, nach dem Textzug ist die Partie praktisch schon verloren, Stockfish -1,70} 18. Qd1 {auch nicht das Gelbe vom Ei, besser ist b4, Stockfish +1,20} Qd7 {Sc6 ist zu bevorzugen, wieder um b4 zu verhindern, Stockfish -1,50} 19. b4 axb4 20. axb4 b6 21. Qg4 Rfd8 $2 {ein ganz schlechter Zug, danach ist die Partie bereits verloren, Stockfish -2,00, deutlich besser ist h5} 22. Bg2 $2 {ein schwacher Zug, deutlich besser ist b5, Stockfish +1,40} h6 $2 {sinnlos, besser ist natürlich gleich h5, nach dem Textzug ist die Partie bereits wieder verloren, Stockfish -2,20} 23. Rb2 $2 {deutlich schwächer als b5, Stockfish +1,60} h5 24. Qf3 {besser ist De2, Stockfish +1,40} Qe6 $2 {deutlich schwächer als Sg7, Stockfish -2,00} 25. Ra1 {besser ist Tfb1, Stockfish +1,50} h4 $4 {ein Verlustzug, Stockfish -2,60, deutlich besser ist Kg7} 26. Ra7 $2 {ein schwacher Zug, deutlich stärker ist g4, Stockfish +1,80} Nc8 $2 {ganz schlecht, danach ist die Partie bereits klar verloren, Stockfish -2,70, deutlich besser ist hxg3} 27. Rc7 hxg3 28. fxg3 $4 {ein ganz schlechter Zug, der wieder einmal das ganz simple Prinzip vernachlässigt, man schlägt zur Brettmitte !!, Stockfish +2,00} Nce7 29. Ra7 $2 {ein grottenschlechter Zug, der auf einen Schlag den gesamten Vorteil verspielt, danach ist die Stellung bereits im Lot, nötig war Df2 mit klarem Vorteil für Weiss mit ca. +2,00} Nc8 $2 {ebenfalls grottenschlecht, verpasst die Ausgleichschance, nötig war cxb4, nach dem Textzug ist die Partie wieder verloren, Stockfish -2,20, die stärkste Fortsetzung ist aber für Lyon 68020 nicht spielbar, es wäre die Fehlerkorrektur mittels Tc7, für Lyon 68020 ist das aber natürlich eine Stellungswiederholung und somit nur 0,00} 30. Ra6 {klar Lyon 68020 kann die bestmögliche Fortsetzung nicht spielen, daher hier kein Fragezeichen, aber klarerweise verspielt der Textzug den Grossteil des Vorteiles, Stockfish nur noch +0,50} Nce7 $2 {ein ganz schlechter Zug, danach ist Weiss wieder klar im Vorteil, Stockfish -1,70, deutlich besser ist cxb4} 31. h3 $4 {ein grottenschlechter Zug, der auf einen Schlag den gesamten Vorteil verspielt, Stockfish 0,00, nötig war b5} Kg7 $4 {verpasst den möglichen Ausgleich, danach ist Weiss wieder klar im Vorteil, Stockfish -1,70, nötig war cxb4} 32. Ra7 $4 {ganz schlecht, verpasst wieder b5, danach ist praktisch der gesamte Vorteil wieder dahin, Stockfish +0,20} Nc8 $2 {immer wieder dieser sinnlose Zug, zum wiederholten mal, danach steht Weiss wieder klar besser, Stockfish -1,50, nötig war b5 mit annäherndem Ausgleich} 33. Ra3 $2 {ein ganz schwacher Zug, der wieder nahezu den gesamten Vorteil verspielt, Stockfish +0,30, nötig war Tc7} Nce7 $2 {verpasst wieder das nötige b5, Weiss ist wieder klar im Vorteil, Stockfish -1,50} 34. Rab3 $2 {und auch Weiss verpasst wieder b5, der Textzug verspielt wieder den Grossteil des Vorteiles, Stockfish +0,60} Ra8 35. Kf2 {besser ist bxc5, nach dem Textzug ist die Stellung im Lot, Stockfish 0,00} Ra7 36. bxc5 bxc5 37. Ke2 Nd4+ 38. exd4 exd4+ 39. Ne4 f5 40. Qf4 fxe4 41. Qxe4 Qf6 42. Rb7 Rd7 43. Rxd7 Rxd7 44. h4 Nf5 45. Qf4 Re7+ 46. Kf2 Qe6 47. Be4 Ne3 48. Rb7 Rxb7 49. Bxb7 Qh3 50. Ke2 Nf5 51. Kf2 Qh2+ 52. Bg2 Ne3 53. Qf3 Kh6 54. Qf8+ Kh5 55. Qf3+ Kh6 56. Qf8+ Kh5 57. Qf3+ Kh6 {Stellungswiederholung} 1/2-1/2